000 00423nam a2200157Ia 4500
008 210716s2012 xx 000 0 und d
020 _a9788131516799
041 _aeng
082 _a005.1331 GREM
100 _aGregoire, Marc;Solter, Nicholas A;Kleper, Scott J.
245 _aProfessional c++.
250 _a4
260 _aNew Delhi
_bWiley India Pvt Ltd
_c2012
300 _alii,1122/2018
650 _aC++ Progamming
999 _c197049
_d197049